[Event "Korcsoportos bajnokság, 14 éves lány"]
[Site "Budapest"]
[Date "2020.10.27"]
[Round "5.1"]
[White "Vicze, Kata"]
[Black "Alexandrova, Angelina"]
[Result "0-1"]
[WhiteElo "1854"]
[BlackElo "1833"]
[PlyCount "76"]
[EventDate "2020.10.24"]
[EventType "tourn"]
[EventRounds "9"]
[EventCountry "HUN"]

1. e4 e6 2. d4 d5 3. exd5 exd5 4. Nf3 Bd6 5. c4 dxc4 6. Bxc4 Nf6 7. O-O O-O 8.
Nc3 Bg4 9. h3 Bh5 10. g4 Bg6 11. Ne5 Nc6 12. f4 Nxg4 13. hxg4 Qh4 14. Rf2 Rad8
15. Nxc6 bxc6 16. f5 Bc5 17. Qf3 Rxd4 18. Be2 Rxg4+ 19. Qxg4 Qxf2+ 20. Kh1 Bxf5
21. Qg2 Qh4+ 22. Qh2 Qe1+ 23. Kg2 Re8 24. Be3 Qxa1 25. Bxc5 Qxb2 26. Qg3 Rxe2+
27. Nxe2 Qxe2+ 28. Bf2 Qg4 29. Bxa7 Qxg3+ 30. Kxg3 Bc2 31. Bb8 f5 32. Bxc7 Kf7
33. Kf4 h6 34. Ke5 g5 35. Bb6 f4 36. Bd8 f3 37. Bb6 h5 38. Be3 h4 0-1

[Event "Korcsoportos bajnokság, 14 éves lány"]
[Site "Budapest"]
[Date "2020.10.27"]
[Round "5.2"]
[White "Kovacs, Veronika"]
[Black "Harkai, Emma"]
[Result "1/2-1/2"]
[WhiteElo "1681"]
[BlackElo "1335"]
[PlyCount "96"]
[EventDate "2020.10.24"]
[EventType "tourn"]
[EventRounds "9"]
[EventCountry "HUN"]

1. d4 d5 2. c4 e6 3. Nc3 Nf6 4. cxd5 exd5 5. Bg5 Be7 6. Qc2 h6 7. Bh4 O-O 8. e3
b6 9. Bd3 c5 10. Nf3 Nc6 11. a3 Re8 12. Bb5 Bb7 13. Qa4 Qd6 14. Bg3 Qe6 15.
dxc5 bxc5 16. O-O a6 17. Be2 Bd6 18. Bxd6 Qxd6 19. Rfd1 Qe6 20. b4 cxb4 21.
axb4 Red8 22. Nd4 Nxd4 23. Rxd4 Rdc8 24. Qb3 Rc7 25. Na4 Ne4 26. f3 Nc3 27. Kf2
Re8 28. Rd3 Nxe2 29. Kxe2 Qe5 30. Rad1 Qxh2 31. Kf2 Qh4+ 32. Kg1 Qf6 33. Nc5
Ba8 34. Qa4 Rce7 35. Nxa6 Qb6 36. Nc5 Bc6 37. Qb3 Rb8 38. Rb1 Ree8 39. Rc3 Rec8
40. Qd1 Qd8 41. Qc1 Qf6 42. Na6 Rb5 43. Rb2 d4 44. Rcc2 dxe3 45. Qxe3 Rd8 46.
Rb1 Be4 47. Qxe4 Qxa6 48. Rc6 Qb7 1/2-1/2

[Event "Korcsoportos bajnokság, 14 éves lány"]
[Site "Budapest"]
[Date "2020.10.27"]
[Round "5.4"]
[White "Vida, Greta"]
[Black "Javorek, Janka"]
[Result "0-1"]
[WhiteElo "1458"]
[BlackElo "1560"]
[PlyCount "56"]
[EventDate "2020.10.24"]
[EventType "tourn"]
[EventRounds "9"]
[EventCountry "HUN"]

1. d4 d5 2. Nf3 Nf6 3. e3 Bg4 4. Bd3 e6 5. Nbd2 c5 6. c3 Nc6 7. h3 Bh5 8. O-O
Be7 9. Re1 O-O 10. b3 Qc7 11. Bb2 cxd4 12. exd4 Bd6 13. Qc2 Rac8 14. a3 Bf4 15.
c4 dxc4 16. bxc4 Qd7 17. d5 exd5 18. Bxf6 gxf6 19. Bxh7+ Kh8 20. Bf5 Qc7 21.
Bxc8 Qxc8 22. cxd5 Rg8 23. dxc6 Qxh3 24. Kf1 Qxg2+ 25. Ke2 Re8+ 26. Kd1 Bxf3+
27. Kc1 Rxe1+ 28. Kb2 Be5+ 0-1

[Event "Korcsoportos bajnokság, 14 éves lány"]
[Site "Budapest"]
[Date "2020.10.27"]
[Round "6.1"]
[White "Molnar, Lidia Emilia"]
[Black "Vida, Greta"]
[Result "1/2-1/2"]
[WhiteElo "1401"]
[BlackElo "1458"]
[PlyCount "30"]
[EventDate "2020.10.24"]
[EventType "tourn"]
[EventRounds "9"]
[EventCountry "HUN"]

1. d4 d5 2. Bf4 Nf6 3. e3 Bf5 4. c4 c6 5. Qb3 Qc8 6. Nc3 e6 7. Nf3 Nbd7 8. Be2
Be7 9. O-O O-O 10. Ne5 Ne4 11. Rfc1 Ndf6 12. cxd5 exd5 13. h3 Nxc3 14. bxc3 c5
15. Qd1 c4 1/2-1/2

[Event "Korcsoportos bajnokság, 14 éves lány"]
[Site "Budapest"]
[Date "2020.10.27"]
[Round "6.2"]
[White "Harkai, Emma"]
[Black "Kiraly, Lilla Virag"]
[Result "1-0"]
[WhiteElo "1335"]
[BlackElo "1690"]
[PlyCount "51"]
[EventDate "2020.10.24"]
[EventType "tourn"]
[EventRounds "9"]
[EventCountry "HUN"]

1. e4 c5 2. Nf3 d6 3. g3 Nc6 4. Bg2 g6 5. O-O Bg7 6. c3 e6 7. d4 cxd4 8. cxd4
Qb6 9. d5 Bxb2 10. Bxb2 Qxb2 11. Nbd2 exd5 12. exd5 Nce7 13. Ne4 Qa3 14. Qd4 f6
15. Rfe1 h6 16. Nxf6+ Kd8 17. Nxg8 Rxg8 18. Qf6 Re8 19. Rxe7 Rxe7 20. Re1 Bd7
21. Rxe7 Kc7 22. Nd4 Qc1+ 23. Bf1 Re8 24. Rxe8 Bxe8 25. Qe7+ Bd7 26. Ne6+ 1-0

[Event "Korcsoportos bajnokság, 14 éves lány"]
[Site "Budapest"]
[Date "2020.10.27"]
[Round "6.3"]
[White "Alexandrova, Angelina"]
[Black "Kovacs, Veronika"]
[Result "1-0"]
[WhiteElo "1833"]
[BlackElo "1681"]
[PlyCount "47"]
[EventDate "2020.10.24"]
[EventType "tourn"]
[EventRounds "9"]
[EventCountry "HUN"]

1. e4 c6 2. Nf3 d5 3. Nc3 dxe4 4. Nxe4 Bg4 5. h3 Bh5 6. Ng3 Bg6 7. h4 h6 8. Ne5
Bh7 9. Qh5 g6 10. Qf3 Nf6 11. Qb3 Qd5 12. Qxb7 Qxe5+ 13. Be2 Qd6 14. a4 Nd5 15.
Qxa8 Qc7 16. a5 a6 17. Ra3 Bg7 18. Rb3 O-O 19. O-O Be5 20. d4 Bf4 21. Qb7 Bxg3
22. fxg3 Qxa5 23. Bxh6 Rd8 24. Qxb8 1-0

[Event "Korcsoportos bajnokság, 14 éves lány"]
[Site "Budapest"]
[Date "2020.10.27"]
[Round "6.4"]
[White "Buri, Petra Zsuzsanna"]
[Black "Vicze, Kata"]
[Result "1-0"]
[WhiteElo "1835"]
[BlackElo "1854"]
[PlyCount "73"]
[EventDate "2020.10.24"]
[EventType "tourn"]
[EventRounds "9"]
[EventCountry "HUN"]

1. e4 c5 2. Nf3 Nc6 3. g3 g6 4. Bg2 Bg7 5. O-O e5 6. c3 Nge7 7. a3 a5 8. a4 O-O
9. Na3 d6 10. Nb5 f5 11. Qb3+ d5 12. exd5 Qxd5 13. Qa3 Rb8 14. Ng5 e4 15. d3 h6
16. dxe4 Qd3 17. Nh3 fxe4 18. Nf4 Qd8 19. Bxe4 g5 20. Qb3+ Kh8 21. Ne6 Bxe6 22.
Qxe6 Ne5 23. Be3 Qd7 24. Qxd7 Nxd7 25. Rfd1 Rfd8 26. Nd6 Ne5 27. f4 gxf4 28.
gxf4 Rxd6 29. Rxd6 Nc4 30. Rd3 Nxb2 31. Rd7 Nc6 32. Kf2 Nd8 33. Rg1 Ne6 34. f5
Ng5 35. Bxg5 hxg5 36. Rxg5 Bxc3 37. f6 1-0

[Event "Korcsoportos bajnokság, 14 éves lány"]
[Site "Budapest"]
[Date "2020.10.28"]
[Round "7.1"]
[White "Kovacs, Veronika"]
[Black "Buri, Petra Zsuzsanna"]
[Result "1/2-1/2"]
[WhiteElo "1681"]
[BlackElo "1835"]
[PlyCount "93"]
[EventDate "2020.10.24"]
[EventType "tourn"]
[EventRounds "9"]
[EventCountry "HUN"]

1. d4 Nf6 2. c4 c5 3. d5 g6 4. Nc3 Bg7 5. e4 d6 6. Be2 Na6 7. Be3 Nc7 8. f4 e6
9. Nf3 O-O 10. e5 Ng4 11. Qd2 exd5 12. cxd5 Re8 13. Bxc5 dxc5 14. d6 Ne6 15. h3
Nh6 16. g4 Bd7 17. Nd5 Bc6 18. Ne7+ Kh8 19. Nxc6 bxc6 20. O-O Qd7 21. Bd3 Nd8
22. Nh4 Qe6 23. Rae1 Qd5 24. Qc2 Rb8 25. b3 Rb4 26. Nf3 Qe6 27. Bc4 Qd7 28. Ng5
Ne6 29. a3 Rb7 30. Ne4 Nd4 31. Qc3 Nb5 32. Bxb5 cxb5 33. Nxc5 Qc6 34. Qd4 Qb6
35. f5 Rc8 36. b4 gxf5 37. gxf5 Rg8 38. Kh2 Rd7 39. f6 Bf8 40. Rg1 Bxd6 41.
Rxg8+ Nxg8 42. Qg4 Nxf6 43. Qf5 Bxe5+ 44. Qxe5 Rd2+ 45. Kg1 Qc6 46. Qb8+ Kg7
47. Qg3+ 1/2-1/2

[Event "Korcsoportos bajnokság, 14 éves lány"]
[Site "Budapest"]
[Date "2020.10.28"]
[Round "7.2"]
[White "Kiraly, Lilla Virag"]
[Black "Alexandrova, Angelina"]
[Result "1-0"]
[WhiteElo "1690"]
[BlackElo "1833"]
[PlyCount "105"]
[EventDate "2020.10.24"]
[EventType "tourn"]
[EventRounds "9"]
[EventCountry "HUN"]

1. e4 e6 2. d4 d5 3. Bd3 dxe4 4. Bxe4 Nf6 5. Bf3 c5 6. Ne2 Nc6 7. Be3 Nd5 8.
Bxd5 Qxd5 9. Nbc3 Qd8 10. dxc5 Be7 11. Qxd8+ Bxd8 12. Ne4 O-O 13. c3 Ne5 14.
Rd1 Nc4 15. Bc1 b5 16. b3 Ne5 17. Nd6 Ba6 18. b4 Nc4 19. Nxc4 bxc4 20. O-O Bb7
21. Bf4 a6 22. Nd4 Rc8 23. Bd6 Re8 24. a4 e5 25. Ne2 Bc6 26. Ra1 Re6 27. Rfb1
Rg6 28. g3 Bc7 29. Bxc7 Rxc7 30. b5 axb5 31. axb5 Be4 32. c6 h6 33. Ra8+ Kh7
34. Rd1 Bxc6 35. bxc6 Rgxc6 36. Kg2 Rb6 37. Rd2 g5 38. Rda2 Rcb7 39. R8a7 Kg6
40. Rxb7 Rxb7 41. Ra6+ f6 42. Rc6 Rb2 43. Kf3 g4+ 44. Ke3 Rb1 45. Rxc4 h5 46.
Rc8 Rh1 47. c4 Rxh2 48. c5 h4 49. c6 hxg3 50. fxg3 f5 51. c7 f4+ 52. gxf4 exf4+
53. Nxf4+ 1-0

[Event "Korcsoportos bajnokság, 14 éves lány"]
[Site "Budapest"]
[Date "2020.10.28"]
[Round "7.4"]
[White "Javorek, Janka"]
[Black "Molnar, Lidia Emilia"]
[Result "1-0"]
[WhiteElo "1560"]
[BlackElo "1401"]
[PlyCount "45"]
[EventDate "2020.10.24"]
[EventType "tourn"]
[EventRounds "9"]
[EventCountry "HUN"]

1. d4 d5 2. c4 c6 3. Nc3 Nf6 4. Nf3 dxc4 5. e3 b5 6. a4 b4 7. Nb1 a5 8. Bxc4 e6
9. O-O Nbd7 10. b3 Bd6 11. Bb2 O-O 12. Nbd2 Qc7 13. Rc1 Qb8 14. Bd3 Bb7 15. Qc2
e5 16. Ne4 exd4 17. Nxf6+ Nxf6 18. Bxd4 Be7 19. Bxf6 Bxf6 20. Bxh7+ Kh8 21. Qf5
g6 22. Qxf6+ Kxh7 23. Rc4 1-0

[Event "Korcsoportos bajnokság, 14 éves lány"]
[Site "Budapest"]
[Date "2020.10.29"]
[Round "8.1"]
[White "Harkai, Emma"]
[Black "Javorek, Janka"]
[Result "0-1"]
[WhiteElo "1335"]
[BlackElo "1560"]
[PlyCount "104"]
[EventDate "2020.10.24"]
[EventType "tourn"]
[EventRounds "9"]
[EventCountry "HUN"]

1. e4 e5 2. Nf3 Nc6 3. Nc3 Nf6 4. Bb5 d6 5. h3 Bd7 6. d3 Be7 7. Be3 O-O 8. O-O
a6 9. Ba4 Na5 10. Bxd7 Qxd7 11. Ne2 Nc6 12. c3 Rad8 13. Qc2 Rfe8 14. d4 exd4
15. cxd4 h6 16. Rad1 Bf8 17. Nc3 Qe7 18. Nd2 g6 19. a3 Bg7 20. Rfe1 Kh7 21. Qd3
Nb8 22. Bf4 Qd7 23. b4 Nh5 24. Bh2 Nc6 25. Nf3 Na7 26. a4 c6 27. Qc2 d5 28. e5
Bf8 29. Rb1 Rc8 30. Rb2 Ng7 31. Qd3 b5 32. axb5 Nxb5 33. Nxb5 axb5 34. Rc1 Ne6
35. Qd2 Qa7 36. Rbc2 Qb6 37. Ra2 Ra8 38. Rca1 Qb7 39. Ne1 Rxa2 40. Rxa2 Ra8 41.
Rxa8 Qxa8 42. Nc2 Qa2 43. g4 Qb2 44. f4 Nxd4 45. Qxd4 Qxc2 46. Qa7 Kg8 47. Qa8
Kg7 48. Qb7 Bxb4 49. e6 Bc5+ 50. Kh1 Qd1+ 51. Kg2 Qe2+ 52. Kg3 Qf2# 0-1

[Event "Korcsoportos bajnokság, 14 éves lány"]
[Site "Budapest"]
[Date "2020.10.29"]
[Round "8.3"]
[White "Buri, Petra Zsuzsanna"]
[Black "Kiraly, Lilla Virag"]
[Result "1-0"]
[WhiteElo "1835"]
[BlackElo "1690"]
[PlyCount "87"]
[EventDate "2020.10.24"]
[EventType "tourn"]
[EventRounds "9"]
[EventCountry "HUN"]

1. e4 c5 2. Nf3 d6 3. g3 Nc6 4. Bg2 g6 5. d3 Bg7 6. c3 e5 7. a3 Nge7 8. O-O O-O
9. b4 a6 10. Be3 b6 11. h3 h6 12. Nh4 Be6 13. Qd2 Kh7 14. g4 Rc8 15. a4 cxb4
16. cxb4 d5 17. f3 dxe4 18. fxe4 Nd4 19. Ra3 Rc2 20. Qd1 Nec6 21. Nf3 Nxf3+ 22.
Bxf3 Nxb4 23. Bd2 Qd4+ 24. Kh1 Rfc8 25. Bc3 Qd6 26. a5 b5 27. Be2 Bf8 28. h4
Qe7 29. g5 h5 30. Bxh5 gxh5 31. Qxh5+ Kg8 32. Bxe5 Bg7 33. Bxg7 Kxg7 34. Qh6+
Kg8 35. g6 f6 36. g7 Qc7 37. Qh8+ Kf7 38. g8=Q+ Rxg8 39. Qxf6+ Ke8 40. Qxe6+
Qe7 41. Qxg8+ Kd7 42. Rf7 Rc1+ 43. Kg2 Rc2+ 44. Kf3 1-0

[Event "Korcsoportos bajnokság, 14 éves lány"]
[Site "Budapest"]
[Date "2020.10.29"]
[Round "8.4"]
[White "Vicze, Kata"]
[Black "Kovacs, Veronika"]
[Result "1-0"]
[WhiteElo "1854"]
[BlackElo "1681"]
[PlyCount "51"]
[EventDate "2020.10.24"]
[EventType "tourn"]
[EventRounds "9"]
[EventCountry "HUN"]

1. e4 c6 2. c4 d5 3. cxd5 cxd5 4. exd5 Nf6 5. Nc3 Nxd5 6. Nf3 Nc6 7. Bb5 Qd6 8.
O-O Bd7 9. d4 g6 10. Qb3 Nb6 11. Ng5 e6 12. Nce4 Qe7 13. Bf4 Nc8 14. Bxc6 Bxc6
15. Be5 Bxe4 16. Nxe4 f5 17. Bxh8 fxe4 18. Rfe1 Nd6 19. Be5 Rd8 20. Bxd6 Qxd6
21. Rxe4 Kf7 22. Qxb7+ Rd7 23. Qb3 Bg7 24. h4 Bxd4 25. Rae1 Re7 26. Rd1 1-0

[Event "Korcsoportos bajnokság, 14 éves lány"]
[Site "Budapest"]
[Date "2020.10.30"]
[Round "9.1"]
[White "Kiraly, Lilla Virag"]
[Black "Vicze, Kata"]
[Result "0-1"]
[WhiteElo "1690"]
[BlackElo "1854"]
[PlyCount "76"]
[EventDate "2020.10.24"]
[EventType "tourn"]
[EventRounds "9"]
[EventCountry "HUN"]

1. e4 c5 2. Nc3 Nc6 3. g3 g6 4. Bg2 Bg7 5. d3 d6 6. Be3 e6 7. Qd2 Nge7 8. Bh6
O-O 9. h4 Bxh6 10. Qxh6 f6 11. Qd2 Nd4 12. Nd1 d5 13. c3 Ndc6 14. exd5 exd5 15.
d4 cxd4 16. cxd4 Nf5 17. Ne2 Re8 18. O-O Be6 19. Ndc3 Qd7 20. Rad1 Rad8 21.
Rfe1 Kg7 22. Bh1 h6 23. Nf4 Nfxd4 24. Nxe6+ Rxe6 25. Nxd5 Rd6 26. Nxf6 Rxf6 27.
Qe3 Qf7 28. Bxc6 Nxc6 29. Rxd8 Nxd8 30. Qxa7 Nc6 31. Qc5 Qxa2 32. Qc3 Qf7 33.
g4 Kh7 34. Re2 Rf4 35. Qg3 Nd4 36. Re3 b5 37. g5 h5 38. Kh2 Rxf2+ 0-1

[Event "Korcsoportos bajnokság, 14 éves lány"]
[Site "Budapest"]
[Date "2020.10.30"]
[Round "9.4"]
[White "Molnar, Lidia Emilia"]
[Black "Harkai, Emma"]
[Result "1-0"]
[WhiteElo "1401"]
[BlackElo "1335"]
[PlyCount "101"]
[EventDate "2020.10.24"]
[EventType "tourn"]
[EventRounds "9"]
[EventCountry "HUN"]

1. d4 d5 2. Bf4 Bf5 3. c4 e6 4. Qb3 b6 5. Nc3 Nf6 6. e3 Bd6 7. Bg3 c6 8. Nf3 h6
9. Ne5 O-O 10. Be2 Qc7 11. Rc1 Nbd7 12. f4 Ne4 13. cxd5 cxd5 14. Qd1 Rac8 15.
O-O Qb7 16. Nxe4 Bxe4 17. Qd2 Nf6 18. a3 Bh7 19. Bd3 Bxd3 20. Qxd3 Ne4 21. Qe2
Rxc1 22. Rxc1 Rc8 23. Rxc8+ Qxc8 24. Qd1 Bxe5 25. dxe5 Qc5 26. Bf2 a5 27. a4
Qc4 28. g4 Nc5 29. Be1 Qxa4 30. Qxa4 Nxa4 31. b3 Nc5 32. b4 Nb3 33. bxa5 bxa5
34. Kf2 Kf8 35. Ke2 Ke8 36. Kd3 Nc5+ 37. Kc2 a4 38. Bb4 Na6 39. Bd6 Kd7 40. h4
g6 41. Kb2 Kc6 42. Kc3 Kb5 43. h5 Nc5 44. Bxc5 Kxc5 45. g5 a3 46. gxh6 a2 47.
Kb2 gxh5 48. h7 Kc4 49. h8=Q Kd3 50. Qxh5 Kxe3 51. Qxf7 1-0